000 01177cam a2200337 a 4500
001 13183343
003 OSt
005 20230606142421.0
008 021018s2001 et a 001 0 eng
010 _a 2002375628
020 _a9780333516522
035 _a(DLC) 2002375628
040 _aDLC
_cDLC
_dDLC
042 _alcode
043 _af-et---
050 0 0 _aRC81
_b.W4813 2001
082 0 0 _a610.22
_bWER
100 1 _aWerner, David,
_d1979
245 1 0 _aWhere there is no doctor :
_ba village health care handbook for Ethiopia /
_cby David Werner ... [et al.]. ; edited by Richard Hodes.
250 _aEthiopian ed.
260 _aAddis Ababa :
_bShama Books,
_c2004
300 _a34, 440 p. :
_bill. ;
_c25 cm.
500 _aIncludes index.
650 0 _aMedicine, Popular
_vHandbooks, manuals, etc.
650 0 _aMedicine, Rural
_zEthiopia
_vHandbooks, manuals, etc.
650 0 _aCommunity health aides
_zEthiopia
_vHandbooks, manuals, etc.
700 1 _aHodes, Richard.
906 _a7
_bcbc
_corigode
_d3
_encip
_f20
_gy-gencatlg
942 _2ddc
_cBK
999 _c686
_d686